Ibalon: tatlong bayani ng epikong Bicol : (Record no. 103449)
[ view plain ]
| 000 -LEADER | |
|---|---|
| fixed length control field | 00538nam a2200157 a 4500 |
| 005 - DATE AND TIME OF LATEST TRANSACTION | |
| control field | 20140412111302.0 |
| 008 - FIXED-LENGTH DATA ELEMENTS--GENERAL INFORMATION | |
| fixed length control field | 010418s19uu xx 00 eng d |
| 020 ## - INTERNATIONAL STANDARD BOOK NUMBER | |
| International Standard Book Number | 971-121-074-6 |
| 050 ## - LIBRARY OF CONGRESS CALL NUMBER | |
| Classification number | Fil E |
| Item number | Ib1 1992 |
| 100 ## - MAIN ENTRY--PERSONAL NAME | |
| Personal name | Lacson, Tomas |
| 245 ## - TITLE STATEMENT | |
| Title | Ibalon: tatlong bayani ng epikong Bicol : |
| Remainder of title | (three heroes of the Bicol epic) / |
| Statement of responsibility, etc | by Tomas Lacson; illustration Albert E. Gamos; Annie V. Habulan. |
| 260 ## - PUBLICATION, DISTRIBUTION, ETC. (IMPRINT) | |
| Place of publication, distribution, etc | Philippines : |
| Name of publisher, distributor, etc | Aklat Adarna, |
| Date of publication, distribution, etc | 1992. |
| 300 ## - PHYSICAL DESCRIPTION | |
| Extent | 1v. (unp.) ; ill. |
| 650 ## - SUBJECT ADDED ENTRY--TOPICAL TERM | |
| Topical term or geographic name as entry element | Bicol epic-Philippines |
| Withdrawn status | Lost status | Damaged status | Home library | Current library | Shelving location | Date acquired | Source of acquisition | Cost, normal purchase price | Total Checkouts | Full call number | Barcode | Date last seen | Price effective from | Koha item type |
|---|---|---|---|---|---|---|---|---|---|---|---|---|---|---|
| Elizalde Library | Elizalde Library | Filipiniana Section | 04/18/2001 | 18.50 | Fil E Ib1 1992 | E4859 | 04/12/2014 | 04/12/2014 | Books |